|
|
|
|
| LEADER |
00000cam a2200000 7i4500 |
| 001 |
0000001740 |
| 005 |
20011109.0 |
| 090 |
0 |
0 |
|a FAO 338.174909593
|b CHU 1985
|
| 100 |
1 |
0 |
|a CHUNTANAPARB
|h Lert
|
| 245 |
1 |
0 |
|a Non-wood forest products in Thailand :
|b Asia-Pacific region
|c by Lert Chuntanaparb, Prin Sri-Aran, Wuthipol Hoamuangkaew
|
| 260 |
0 |
0 |
|a Bangkok :
|b Food and Agriculture Organization of the United Nations ,
|c 1985
|
| 300 |
|
|
|a ix, 180 p. ;
|c 28 cm.
|
| 500 |
0 |
0 |
|a Bibliography : p. 169-180
|
| 650 |
0 |
0 |
|a Non-timber forest products
|z Thailand
|
| 700 |
0 |
1 |
|a Hoamuangkaew
|h Wuthipol
|
| 700 |
0 |
1 |
|a Sri-Aran
|h Prin
|
| 710 |
1 |
1 |
|a Food and Agriculture Organization of the United Nations (FAO)
|
| 745 |
0 |
0 |
|a Special study on forest management, afforestation and utilization of forest resources in the developing regions
|
| 998 |
|
|
|a JPSM
|
| 999 |
|
|
|a 0000002779
|b Monograph
|c Food and Agriculture Organization
|e Default branch
|